000 03106cam a2200313 4500500
005 20251228050046.0
041 _afre
042 _adc
100 1 0 _aCourtois, Stéphane
_eauthor
245 0 0 _aDroits individuels ou droit des peuples ?
260 _c2004.
500 _a11
520 _aAprès avoir distingué deux orientations importantes du cosmopolitisme contemporain, l’une s’intéressant aux problèmes de justice distributive et une autre s’intéressant davantage aux principes démocratiques qui devraient régir un ordre politique mondial, l’auteur se concentre sur cette dernière orientation et pose à son endroit deux questions: Dans quelle mesure est-il réaliste d’envisager un ordre politique mondial qui ne soit plus fondé sur l’État-nation et sur la défense de sa souveraineté ? Quelle place et quel rôle revient-il à l’État-nation dans un tel ordre? En réponse à la première question, il soutient que les modèles d’association cosmopolitique présentement suggérés par certains philosophes et politologues (Habermas, Held) peuvent être défendus de manière réaliste contre les partisans d’un ordre international westphalien. En revanche, en réponse à la seconde question, il estime que les versions aussi bien radicales que modérées du cosmopolitisme contemporain parviennent malaisément à rendre compte adéquatement du statut et du rôle de l’État-nation dans un monde post-westphalien.
520 _aAfter distinguishing between two important orientations in contemporary cosmopolitanism, one interested in the problems of distributive justice, another more concerned with the democratic principles that should regulate the global political order, the author focuses on the latter and asks two questions: To what extent is it realistic to envisage a world political order no longer grounded on the Nation-State and the defense of its sovereignty ? What place and role belong to the Nation-State in such an order? In response to the first question, the author contends that the models of cosmopolitan association presently suggested by some political philosophers (Habermas, Held) can be defended realistically against the supporters of the westphalian international order. However, in response to the second question, the author considers that both radical and moderate variants of cosmopolitanism cannot without difficulty adequately take into consideration the possible place and role of the Nation-State within a post-westphalian order.
690 _aCosmopolitisme
690 _aDémocratie
690 _aDroit des peuples
690 _aDroits individuels
690 _aÉtat-nation
690 _aSouveraineté nationale
690 _aCosmopolitanism
690 _aDemocracy
690 _aIndividual rights
690 _aNation-State
690 _aNational Sovereignty
690 _aPeoples' rights
786 0 _nArchives de philosophie | 67 | 4 | 2004-12-01 | p. 629-642 | 0003-9632
856 4 1 _uhttps://shs.cairn.info/revue-archives-de-philosophie-2004-4-page-629?lang=fr&redirect-ssocas=7080
999 _c1579702
_d1579702